Statistiques concernant Dictionnaire n°4

Cliquez ici pour prendre le quiz!

Statistiques générales

  • Ce quiz a été pris 98 fois
  • Le résultat moyen est 4 sur 10

Statistiques - réponses

DéfinitionsClasse grammaticaleMots correspondants% Correct
Produit pétrolier liquide utilisé comme carburant pour les avionsNomKérosène
78%
Cercle qui constitue la périphérie d'une roue de véhiculeNomJante
62%
Sans intermédiaireAdverbeDirectement
49%
Rendre pur, plus pur.VerbeEpurer
42%
Qui peut se tromperAdjectifFaillible
33%
Relâcher sa tension nerveuse après un effort intenseVerbeDécompresser
31%
D'une beauté luxueuse, éclatanteAdjectifMagnifique
28%
Refuser d'accepter comme juge, arbitre, témoinVerbeRécuser
21%
Crêpe de sarrasin épaisseNomBlinis
12%
Maladroit, lent (familier)AdjectifEmpoté
7%

Distribution des résultats

Percentile par nombre de réponses

% des personnes avec chaque résultat

Votre développement - résultats

Vous n’avez pas pris ce quiz